College Football Rivalries - Statistics

General Stats
  • This quiz has been taken 284 times
  • The average score is 33 of 50
Answer Stats
First Team Second Team Nickname or Trophy % Correct
Alabama Auburn The Iron Bowl
86%
Michigan Ohio State The Game
86%
Army Navy The Commander-in-Chief's Trophy
84%
Colorado State Colorado The Rocky Mountain Showdown
83%
Florida Florida State The Sunshine Showdown
83%
Texas A&M Texas The Lone Star Showdown
83%
Texas Oklahoma Red River Rivalry
82%
Mississippi State Ole Miss The Egg Bowl
82%
Arizona Arizona State The Duel in the Desert / The Territorial Cup
81%
Iowa Iowa State The Cy-hawk Trophy
81%
Oregon Oregon State The Civil War
81%
Georgia Georgia Tech Clean, Old-Fashioned Hate
79%
Washington State Washington The Apple Cup
79%
Kansas Kansas State The Sunflower Showdown
78%
Washington Oregon The Border War / The Cascade Clash
78%
Yale Harvard The Game
77%
South Dakota State North Dakota State The Dakota Marker
77%
UCLA USC Battle for the Victory Bell
77%
South Carolina Clemson The Palmetto Series
76%
BYU Utah The Holy War
75%
Virginia Virginia Tech The Commonwealth Cup
74%
Oklahoma Oklahoma State The Bedlam Series
73%
Tennessee Alabama The Third Saturday in October
72%
Louisville Kentucky The Governor's Cup
71%
Michigan Michigan State The Paul Bunyan Trophy
71%
Stanford California The Big Game
70%
Missouri Kansas The Border War
70%
Minnesota Wisconsin Paul Bunyan's Axe
70%
West Virginia Pittsburgh The Backyard Brawl
69%
UCF South Florida The War on I-4
68%
Georgia Florida World's Largest Outdoor Cocktail Party
66%
USC Notre Dame The Jeweled Shillelagh
65%
Northwestern Illinois The Land of Lincoln Trophy
63%
Purdue Indiana The Old Oaken Bucket
62%
Baylor Texas Tech Texas Shootout / Butt Bowl
62%
Auburn Georgia The Deep South's Oldest Rivalry
61%
LSU Arkansas Battle for the Golden Boot
58%
SMU TCU The Iron Skillet
56%
Ole Miss LSU The Magnolia Bowl
51%
Minnesota Michigan The Little Brown Jug
50%
TCU Baylor The Bluebonnet Battle / The Revivalry
47%
Iowa Minnesota Floyd of Rosedale
45%
Iowa Nebraska The Heroes Game
42%
North Carolina Virginia The South's Oldest rivalry
36%
Houston Rice The Bayou Bucket
35%
Clemson NC State The Textile Bowl
34%
Michigan State Penn State The Land Grant Trophy
34%
Notre Dame Purdue The Shillelagh Trophy
31%
Virginia Tech West Virginia The Black Diamond Trophy
31%
Cincinnati Miami (OH) The Victory Bell
25%
No matching quizzes found
Score Distribution
Percent of People with Each Score
Percentile by Number Answered
Your Score History
You have not taken this quiz